• 首页
  • 本馆介绍
  • 公告通知
  • 最新文献
  • 馆藏检索
  • 电子资源
  • 读者导购
  • 参考咨询
  • 我的图书馆
  • 登录
  • 详细信息显示
  • 放入我的书架
  • 预约/预借图书
  • 作者相关作品
  • 分类相关作品
  • 丛书相关作品
  • 出版社相关作品

书目信息

  • 表格格式
  • 工作单格式
  • 卡片格式
题名:
知识产权案件的审理与裁判
    
 
作者: 周林 主编
分册:  
出版信息: 北京   中国人民公安大学出版社  2002.01
页数: 885页
开本: 22cm
丛书名:
单 册:
中图分类: D925.118.25
科图分类:
主题词: 知识产权--民事诉讼--审判--案例--中国--汉、英 , 审判--知识产权--民事诉讼--案例--中国--汉、英 , 民事诉讼--知识产权--审判--案例--中国--汉、英
电子资源:
ISBN: 7-81059-804-X
000 01094nam0 2200289 45
001 0000643373
005 20070602094700.53
010    @a7-81059-804-X@b精装@dCNY82.00
100    @a20020423d2002 ekmy0chiy0120 ea
101 2  @achi@aeng
102    @aCN@b110000
105    @ay an 001yy
200 1  @a知识产权案件的审理与裁判@AZhi Shi Chan Quan An Jian De Shen Li Yu Cai Pan@f周林主编@FZhou Lin Zhu Bian
210    @a北京@c中国人民公安大学出版社@d2002.01
215    @a885页@d22cm
300    @a中英对照
320    @a有书目(第369~370页)和索引(第371~380页)
330    @a收入本书的案件的审理与裁判全程的介绍,可以作为中国知识产权执法不断进步的一个证明。本书所选择的案例、介绍的事实和表达的观点均由作者负责。
333    @a读者对象:一般读者。
606    @a知识产权--民事诉讼--审判@x案例@y中国@z汉、英
606    @a审判--知识产权--民事诉讼@x案例@y中国@z汉、英
606    @a民事诉讼--知识产权--审判@x案例@y中国@z汉、英
690    @aD925.118.25@v4
701  0 @a周林@AZhou Lin@4主编
801  0 @aCN@b北京万源信海@c20070602
905    @aBZT@dD925.118.25@e1
906    @dCNY82.00@n0@r1
    
    知识产权案件的审理与裁判/周林主编.-北京:中国人民公安大学出版社,2002.01
    885页;22cm
    中英对照.-使用对象:读者对象:一般读者。
    
    ISBN 7-81059-804-X(精装):CNY82.00
    收入本书的案件的审理与裁判全程的介绍,可以作为中国知识产权执法不断进步的一个证明。本书所选择的案例、介绍的事实和表达的观点均由作者负责。
●
相关链接 在五车中查询图书 在当当中查询图书 在豆瓣中查询图书


正题名:知识产权案件的审理与裁判     索取号:D925.118.25/1         预约/预借

序号 登录号 条形码 馆藏地/架位号 状态 备注
1 537534   230143083   中心书库南/014架A面3层5列/ [索取号:D925.118.25/1] 在馆    
2 537535   230143084   中心书库南/014架A面3层5列/ [索取号:D925.118.25/1] 在馆    
3 537536   230143086   中心书库南/014架A面3层5列/ [索取号:D925.118.25/1] 在馆    
4 537537   230143085   中心书库南/014架A面3层5列/ [索取号:D925.118.25/1] 在馆    
5 537538   230143087   中心书库南/014架A面3层5列/ [索取号:D925.118.25/1] 在馆    
6 537539   230143079   中心书库南/014架A面3层5列/ [索取号:D925.118.25/1] 在馆    
7 537540   230143078   中心书库南/014架A面3层5列/ [索取号:D925.118.25/1] 在馆    
8 537541   230143082   中心书库南/014架A面3层5列/ [索取号:D925.118.25/1] 在馆    
9 537542   230143081   中心书库南/014架A面3层5列/ [索取号:D925.118.25/1] 在馆    
10 537543   230143080   中心书库南/014架A面3层5列/ [索取号:D925.118.25/1] 在馆    
山东省滨州职业学院图书馆 欢迎您!
大连网信软件有限公司© 版权所有